000 00526nam a2200193 a 4500
001 17644
003 CO-ViMGA
008 141112s2004 ck r 000 u spa d
020 _a9583009334
040 _aCO-ViMGA
_bspa
_cCO-ViMGA
082 0 4 _aR103 F567d
100 1 _aFlorián, Victor
_925032
245 1 0 _aDiccionario de filosofía
260 _aBogotá,
_cPanAméricana,
_c2002
300 _a400.p.
590 _aForma de adquisición : Premio - Mincultura
650 1 4 _aFILOSOFIA - DICCIONARIOS
_98090
942 _2ddc
_cBK
999 _c27135
_d27135